Mantenimiento: planeación, ejecución y control

Saved in:
Bibliographic Details
Main Author: Mora Gutiérrez, Luis Alberto (autor)
Format: Book
Language:Spanish
Published: Cuernavaca Alfaomega 2009
Edition:1a. ed
Subjects:
Tags: Add Tag
No Tags, Be the first to tag this record!

MARC

LEADER 00000cam a2200000 a 4500
001 UCG9895
003 CL-VaPUC
008 120412e20090900MX |||||||||||||||||spa|d
020 |a 9789586827690 
082 0 4 |a 620.00452  |b MOR  |2 21 
100 |a Mora Gutiérrez, Luis Alberto  |e autor  |9 561643 
245 1 0 |a Mantenimiento: planeación, ejecución y control 
250 |a 1a. ed 
300 |a 528 p 
942 |c BK 
945 |d 20120412 00:00:00  |a dcastane 
260 |a Cuernavaca  |b Alfaomega  |c 2009 
650 0 |a Mantenimiento  |9 271710 
650 7 |a CONTROL DE PRODUCCION  |2 CL-VaPUC  |9 271421 
650 0 |a Gestión de la producción   |9 259467 
650 0 |a Planificación estratégica   |9 259735 
583 |a last modification  |c 20120412 10:24:00  |k Rodrigo Vera 
999 |c 347421  |d 347419